[Event "IECC O-4047"]
[Site "IECC email"]
[Date "2015.09.16"]
[Round "?"]
[White "Janusauskas, Matthew"]
[Black "Kellaway, Ted"]
[Result "0-1"]
[WhiteElo "1005"]
[BlackElo "1078"]
[PlyCount "62"]
[EventDate "2015.??.??"]
[EventType "swiss (corr)"]
[EventRounds "2"]
[SourceTitle "Corr 2020"]
[Source "ChessBase"]
[SourceDate "2019.09.30"]
[SourceVersion "1"]
[SourceVersionDate "2019.09.30"]
[SourceQuality "1"]
[WhiteTeam "United States"]
[BlackTeam "South Africa"]
[WhiteTeamCountry "USA"]
[BlackTeamCountry "RSA"]

1. e4 e5 2. Nf3 Nf6 3. c3 Nc6 4. d4 d6 5. Bd3 h6 6. 0-0 Be7 7. d5 Nb8 8. b3 Bd7 9. c4 c5 10. Bb2 Na6 11. Qd2 b6 12. Nc3 Nc7 13. h3 Nh5 14. Nh4 Bxh4 15. Be2 Bg5 16. Qd3 Nf4 17. Bf3 Nxd3 18. Bc1 Bxc1 19. Rd1 Bb2 20. Rab1 Bxc3 21. Rxd3 Bd4 22. Rf1 0-0 23. Bg4 f5 24. exf5 Bxf5 25. Rf3 g6 26. h4 Bxg4 27. Rg3 h5 28. Rb1 Bxf2+ 29. Kf1 Bxg3+ 30. Kg1 Qxh4 31. Rf1 Qh2# 0-1